स्वाधीनता आंदाेलन की प्रमुख वीरांगनाएं / (Record no. 193993)

MARC details
000 -LEADER
fixed length control field 01398nam a22002297a 4500
005 - DATE AND TIME OF LATEST TRANSACTION
control field 20250107143811.0
010 ## - LCCN (DPL NO)
LC control number B-748149-153 B-761585
020 ## - INTERNATIONAL STANDARD BOOK NUMBER
Terms of availability 595.00
International Standard Book Number 9789393065117
035 ## - SYSTEM CONTROL NUMBER
System control number B-748149-153
035 ## - SYSTEM CONTROL NUMBER
System control number B-761585
037 ## - SOURCE OF ACQUISITION
Source of stock number/acquisition अभिलाषा प्रकाशन
082 ## - DEWEY DECIMAL CLASSIFICATION NUMBER
Classification number 921
100 ## - MAIN ENTRY--PERSONAL NAME
Personal name मिश्र, श्याम नारायण
245 ## - TITLE STATEMENT
Title स्वाधीनता आंदाेलन की प्रमुख वीरांगनाएं /
Statement of responsibility, etc श्याम नारायण मिश्र
246 ## - VARYING FORM OF TITLE
Title proper/short title Swadhinta Aandolan Ki Pramukh Veerangnaye /
260 ## - PUBLICATION, DISTRIBUTION, ETC. (IMPRINT)
Place of publication, distribution, etc पिलानी
Name of publisher, distributor, etc श्वेता बुक एजेन्सी
Date of publication, distribution, etc 2022
270 ## - ADDRESS
Address विष्णु वस्त्र भण्डार के ऊपर,मेन मार्किट
City पिलानी
Postal code 333031
Telephone number 99292262200
300 ## - PHYSICAL DESCRIPTION
Extent 224पृ.
Dimensions 22सेमी(सजिल्द)
942 ## - ADDED ENTRY ELEMENTS (KOHA)
Source of classification or shelving scheme Dewey Decimal Classification
Item type Hindi Books
Classification part 920
Call number suffix मिश्रश
Holdings
Withdrawn status Lost status Not for loan Collection code Home library Current library Date acquired Source of acquisition Cost, normal purchase price Full call number Barcode Copy number Cost, replacement price Koha item type Public note
      Non-fiction Bawana Bawana 30/05/2023 अभिलाषा प्रकाशन/105/2.1.23/227/22.12.22/12.1.23 595.00 920 मिश्रश B-748152 1 595.00 Hindi Books  
      Non-fiction Central Library Central Library 30/05/2023 अभिलाषा प्रकाशन/105/2.1.23/227/22.12.22/12.1.23 595.00 920 मिश्रश B-748149 1 595.00 Hindi Books  
      Non-fiction New Rohtak Road New Rohtak Road 30/05/2023 अभिलाषा प्रकाशन/105/2.1.23/227/22.12.22/12.1.23 595.00 920 मिश्रश B-748151 1 595.00 Hindi Books  
      Non-fiction Patel Nagar Patel Nagar 30/05/2023 अभिलाषा प्रकाशन/105/2.1.23/227/22.12.22/12.1.23 595.00 920 मिश्रश B-748150 1 595.00 Hindi Books  
      Non-fiction RC3 Shakur Pur RC3 Shakur Pur 07/01/2025 उपहार /06/01/2025 595.00 920 मिश्रश B-761585 1 595.00 Hindi Books उपहार
      Non-fiction Shahdara Branch Shahdara Branch 30/05/2023 अभिलाषा प्रकाशन/105/2.1.23/227/22.12.22/12.1.23 595.00 920 मिश्रश B-748153 1 595.00 Hindi Books  

© Delhi Public Library
Hit Counter
free hit counter